Statistics for England Football Rivalries

Click here to take the quiz!

General Stats

  • This quiz has been taken 844 times
  • The average score is 15 of 37

Answer Stats

Name Of DerbyClubs involved% Correct
North London derbyArsenal - Tottenham Hotspur
92%
Manchester derbyManchester City - Manchester United
85%
Merseyside derbyEverton - Liverpool
84%
Tyne-Wear derbyNewcastle United - Sunderland
73%
Bristol derbyBristol City - Bristol Rovers
71%
Second City derby (Birmingham derby)Aston Villa - Birmingham City
67%
London derby 1Chelsea - Arsenal
65%
South Wales derbyCardiff City - Swansea City
62%
West London derby 1Chelsea - Fulham
62%
Steel City derbySheffield United - Sheffield Wednesday
60%
East Anglian derby (Old Farm derby)Ipswich Town - Norwich City
54%
Nottingham derbyNottingham Forest - Notts County
54%
North West derbyLiverpool - Manchester United
49%
Dockers derbyMillwall - West Ham United
44%
South Coast derbyPortsmouth - Southampton
43%
East Midlands derby 2Derby County - Nottingham Forest
41%
London derby 2Chelsea - Tottenham Hotspur
39%
West London derby 2Chelsea - Queens Park Rangers
38%
Tees-Wear derbyMiddlesbrough - Sunderland
34%
West London derby 3Fulham - Queens Park Rangers
33%
East Lancashire derbyBlackburn Rovers - Burnley
31%
Roses derbyLeeds United - Manchester United
31%
East Midlands derby 1Derby County - Leicester City
30%
South London derby 2Charlton Athletic - Millwall
27%
South London derby 4Crystal Palace - Millwall
25%
East Midlands derby 3Leicester City - Nottingham Forest
24%
London derby 3Tottenham Hotspur - West Ham United
24%
South London derby 1Charlton Athletic - Crystal Palace
21%
Black Country derbyWest Bromwich Albion - Wolverhampton Wanderers
19%
South London derby 5Crystal Palace - Wimbledon
16%
M69 derbyCoventry City - Leicester City
14%
England derbyArsenal - Manchester United
13%
South London derby 5Millwall - Wimbledon
13%
South London derby 3Charlton Athletic - Wimbledon
12%
B-W derbyBolton Wanderers - Wigan Athletic
9%
M4 derby 1Bristol City - Reading
4%
M4 derby 2Bristol Rovers - Reading
4%

Score Distribution

Percentile by Number Answered

Percent of People with Each Score

Your Score History

You have not taken this quiz